000 00532nam a2200181 i 4500
001 73716
003 ES-MaACL
005 20250822062529.0
007 t|
008 040910s1928 sp ||||1| spa d
100 1 _aGómez de la Serna, Ramón,
_d1888-1963
_957901
245 1 0 _aGoya /
_cRamón Gómez de la Serna.
260 _aMadrid :
_bLa Nave,
_c[1928] (
_fAldus)
300 _a366 p., 30 lám. ;
_c17 cm.
600 1 4 _aGoya, Francisco de,
_d1746-1828
_9240353
852 _aES-MaACL
_jF-15808
_bR.20040
999 _c73716
_d73716